| 000 | 00813nam a22002657a 4500 | ||
|---|---|---|---|
| 003 | CHAP | ||
| 005 | 20220329141733.0 | ||
| 008 | 971013s r 00010 d | ||
| 010 | _a73081 | ||
| 011 | _a74053 | ||
| 035 | _a83611 | ||
| 040 | _cCHAP | ||
| 090 | _aR-1426 | ||
| 100 | 0 | 0 |
_aCaputa, J. _918759 |
| 245 | _aEtude des variétés de tráefle violet (Trifolium pratense L.) | ||
| 500 | _aSobretiro de: Schweizerische Landwirtschaftliche Monatshefte. 37:199-205, 1959 | ||
| 590 |
_aBATCH-UPD _b10 _c20130110 _lUCH01 _h0822 |
||
| 590 |
_aBATCH-UPD _b10 _c20130410 _lUCH01 _h0459 |
||
| 590 |
_aBATCH-UPD _b10 _c20130914 _lUCH01 _h2055 |
||
| 590 |
_aCONVERSION _b10 _c20130109 _lUCH01 _h1340 |
||
| 650 | 1 | 4 |
_aTrébol. _9115245 |
| 901 | _aBK | ||
| 942 | _cREIMP | ||
| 949 |
_aR-1426 _bBC _cR _d-38265 _eTS1 _i83611 _si |
||
| 999 |
_c73081 _d73081 |
||